000 00496cam a2200205 4500
001 D9847
008 090401t1984 xxu||||| |||| 00| 0 eng d
035 _a(Sirsi) u22871
041 _aeng
050 _a346.410435
100 _aWilkinson, H. W.
245 _aPipes, mains, cables and sewers
250 _a4th
260 _aLondon
_bOyez Longman
_c1984
300 _axxiii. 143p. 22cm
350 _a9.75
490 _aOyez Longman Practice Notes
_v57
942 _n0
948 _c04/03/1997
999 _c88265
_d88265